Complaints prompt a binding covenant (Record no. 71517)

MARC details
000 -LEADER
fixed length control field 01126cam a2200241 4500
001 - CONTROL NUMBER
control field ABS66072
008 - FIXED-LENGTH DATA ELEMENTS--GENERAL INFORMATION
fixed length control field 021105n2002 000 0 eng u
035 ## - SYSTEM CONTROL NUMBER
System control number (Sirsi) u120362
100 ## - MAIN ENTRY--PERSONAL NAME
Personal name White, A.
245 ## - TITLE STATEMENT
Title Complaints prompt a binding covenant
260 ## - PUBLICATION, DISTRIBUTION, ETC.
Date of publication, distribution, etc. 2002
490 ## - SERIES STATEMENT
Series statement Estates Gazette
Volume/sequential designation (0238) 21 September 2002, 196-197(2)
520 ## - SUMMARY, ETC.
Summary, etc. The second in a four part series on the new voluntary code of practice for commercial leases focuses on occupiers. Many occupiers have complained about being bound by long-term inflexible leases that favour the landlord. Argues that the code should improve this situation by encouraging landlords to give occupiers more flexibility. Also discusses how this flexibility will affect values and herald a change for traditional valuation techniques. Code available at www.commercialleasecodeew.co.uk
590 ## - LOCAL NOTE (RLIN)
Local note ABS
650 ## - SUBJECT ADDED ENTRY--TOPICAL TERM
Topical term or geographic name entry element CODE OF PRACTICE
650 ## - SUBJECT ADDED ENTRY--TOPICAL TERM
Topical term or geographic name entry element COMMERCIAL LEASES
650 ## - SUBJECT ADDED ENTRY--TOPICAL TERM
Topical term or geographic name entry element OCCUPIERS
650 ## - SUBJECT ADDED ENTRY--TOPICAL TERM
Topical term or geographic name entry element FLEXIBLE LEASES
650 ## - SUBJECT ADDED ENTRY--TOPICAL TERM
Topical term or geographic name entry element RENT REVIEWS
650 ## - SUBJECT ADDED ENTRY--TOPICAL TERM
Topical term or geographic name entry element Valuation
9 (RLIN) 6273
690 ## - LOCAL SUBJECT ADDED ENTRY--TOPICAL TERM (OCLC, RLIN)
Topical term or geographic name as entry element LANDLORD AND TENANT-BUSINESS TENANCIES
942 ## - ADDED ENTRY ELEMENTS (KOHA)
Suppress in OPAC 0
Holdings
Withdrawn status Lost status Source of classification or shelving scheme Damaged status Not for loan Home library Current library Shelving location Date acquired Total Checkouts Full call number Barcode Date last seen Copy number Price effective from Koha item type
    Dewey Decimal Classification     London London Journal article 05/11/2002   ABS66072 120362-1001 06/08/2019 1 06/08/2019 Journal article